Geografia 3 : guía de aprendizaje y evaluación /
Guardado en:
| Autor Principal: | |
|---|---|
| Formato: | Libro |
| Publicado: |
Buenos Aires :
Kapelusz,
1989
|
| Materias: | |
| Etiquetas: |
Agregar Etiqueta
Sin Etiquetas, Sea el primero en etiquetar este registro!
|
| LEADER | 00836nam a22001935a 4500 | ||
|---|---|---|---|
| 001 | CEM.cems017700 | ||
| 005 | 20110926091136.0 | ||
| 008 | 130507s1989##################000#0#####d | ||
| 003 | CEMS | ||
| 020 | |a 9501325202 | ||
| 082 | 0 | 4 | |a 918.07 |
| 100 | 1 | |a Negro, Juan Inés | |
| 245 | 1 | 0 | |a Geografia 3 : |b guía de aprendizaje y evaluación / |c Juana Inés Negro |
| 260 | |a Buenos Aires : |b Kapelusz, |c 1989 | ||
| 300 | |a 246 p. | ||
| 500 | |a Para tercer año de las escuelas de nivel medio | ||
| 505 | 0 | |a América en el mundo -- El relieve emergido -- América y el mar -- El clima americano -- Biomas americanos -- Los ríos y los lagos americanos -- La población americana -- Las actividades económicas -- América política -- Las tierras polares | |
| 653 | |a Geografía de américa | ||
| 859 | |a CEMS |b BIB. CEMS - Agricultura |h 918.07 |i N312 |p A1447.11 |t Ej.1 | ||
